Criterios de diagnóstico y tratamiento de la diarrea aguda en la infancia / (Registro nro. 225)
[ vista simple ]
| 000 -LEADER | |
|---|---|
| fixed length control field | 00888 am a2200229 a 4500 |
| 005 - FECHA ULTIMA MODIFICACION | |
| control field | 20240521093734.0 |
| 008 - CAMPO DE CONTROL (LIBRO) | |
| fixed length control field | 100406s1999||||ag ||||f |||| 000 0 spa d |
| 020 ## - INTERNATIONAL STANDARD BOOK NUMBER | |
| ISBN | 9879907361 |
| 041 ## - CODIGO DE IDIOMA | |
| Código de idioma del texto/pista de sonido o título separado | spa |
| 092 ## - SIGNATURA TOPOGRAFICA DEWEY LOCAL | |
| número de clasificación | 618.92 |
| libristica | 13 |
| sección | CRI |
| 110 1# - ENTRADA PRINCIPAL-AUTOR CORPORATIVO | |
| Nombre de la institución, jurisdicción como entrada principal | Sociedad Argentina de Pediatría |
| Unidad subordinada | Comité Nacional de Gastroenterología |
| 9 (RLIN) | 288 |
| 245 ## - TITULO PROPIAMENTE DICHO | |
| Título | Criterios de diagnóstico y tratamiento de la diarrea aguda en la infancia / |
| Mención de responsabilidad y remanente de la transcripción de la portada | Sociedad Argentina de Pediatría |
| 250 ## - MENCION DE EDICION | |
| Mención de edición | 1a ed. |
| 260 ## - PIE DE IMPRENTA | |
| Lugar de publicación, distribución, etc | Buenos Aires: |
| Nombre de la editorial, distribuidor, etc | Sociedad Argentina de Pediatría; |
| Fecha de publicación | 1999. |
| 300 ## - DESCRIPCION FISICA | |
| Extension | 38 p. |
| 500 ## - NOTA GENERAL | |
| Nota general | Sociedad Argentina de Pediatría. (1999). Criterios de diagnóstico y tratamiento de la diarrea aguda en la infancia. (1a ed.). Buenos Aires : Sociedad Argentina de Pediatría. |
| 653 ## - TÉRMINO INDIZADO - PALABRAS CLAVES | |
| Palabra clave | Pediatria |
| 653 ## - TÉRMINO INDIZADO - PALABRAS CLAVES | |
| Palabra clave | Diarrea aguda |
| 653 ## - TÉRMINO INDIZADO - PALABRAS CLAVES | |
| Palabra clave | Diagnóstico y tratamiento |
| 930 ## - NUMERO DE INVENTARIO | |
| Número de inventario | 1861 |
| 942 ## - ADDED ENTRY ELEMENTS (KOHA) | |
| Source of classification or shelving scheme | Dewey Decimal Classification |
| Item type | Libros |
| Estado de retiro | Existencia | Fuente de clasificación | Estado general | No para prestamo | Ubicación permanente | ubicación actual | Sala de ubicación | Fecha de adquisición | Total Checkouts | Número de clasificación | Código de barras | Date last seen | Número de ejemplar | Price effective from | Koha tipo de elemento (item) | Fuente de adquisición | Public note |
|---|---|---|---|---|---|---|---|---|---|---|---|---|---|---|---|---|---|
| Dewey Decimal Classification | Biblioteca Medicina | Biblioteca Medicina | Circulación | 13/05/2011 | 618.92 13 CRI | 1861 | 06/11/2014 | Ej.1 | 13/05/2011 | Libros | |||||||
| Dewey Decimal Classification | Biblioteca Medicina | Biblioteca Medicina | Circulación | 03/12/2014 | 618.92 13 CRI | 3423 | 03/12/2014 | Ej.2 | 03/12/2014 | Libros | Donación Diciembre 2014 | Donación Diciembre 2014 |